000 00788nam a2200229Ia 4500
003 OSt
005 20210605114412.0
008 210310s1995 ck fr 001 0 spa d
020 _a9583500488
040 _aCO-JMCR
_cCO-JMCR
041 0 _aspa
082 0 4 _a346.092 /
_bT866d
_223
100 1 _aTrujillo Calle, Bernardo,
_915774
_eautor
245 1 0 _aDe los títulos valores :
_bde contenido crediticio /
_cBernardo Trujillo Calle
260 _aBogotá :
_bTemis,
_c1995
300 _axx, 326 páginas ;
_c24 cm.
500 _aIncluye notas a pie de página e índices de autores, de disposiciones y de materias.
505 1 _aV.2. Letras. Pagarés. Cheques. Facturas cambiarias. C.D.T.
650 1 4 _aValores
_915776
650 2 4 _aDocumentos negociables
_938157
942 _2ddc
_cBK
999 _c7903
_d7903